000 00232 a2200097 4500
001 42444
100 _aGibilisco S
245 _aViolent weather hurricanes tornadoes storms
260 _a
_bTab books inc
_c
090 _c26361
_d26361
942 _aNUST-CAE
_cM
_c18182
999 _c277517
_d277517